| 000 | 00660nam a2200193 a 4500 | ||
|---|---|---|---|
| 003 | AM-YeHGA | ||
| 040 | _aAM-YeHGA | ||
| 090 | _c445890 | ||
| 005 | 20250617155950.0 | ||
| 008 | 190502s1960 ru a||||r|||||001|||rus||||| | ||
| 041 | 0 | _arus | |
| 100 | 1 | _aСветкин, Юрий Владимирович | |
| 245 | 1 | 0 |
_aЭтилен в промышленности / _cЮ.В. Светкин. |
| 260 |
_aУфа : _bБашкнигоиздат, _c1960. |
||
| 300 |
_a107 с. : _bсхем. ; _c20 см. |
||
| 504 | _aБиблиогр. в конце книги | ||
| 650 | 1 | 4 |
_aЭтилен _xПрименение в промышленности |
| 942 |
_2udc _cBK |
||
| 999 |
_c443077 _d443077 |
||